| 000 | 00462nam a2200193Ia 4500 | ||
|---|---|---|---|
| 005 | 20250425161216.0 | ||
| 008 | 250425s9999 xx 000 0 und d | ||
| 020 | _a0835930718 | ||
| 041 | _aeng | ||
| 082 | _a629.892 | ||
| 100 | _aKAFRISSEN, EDWARD | ||
| 245 | 0 | _aINDUSTRIAL ROBOTS AND ROBOTICS | |
| 250 | _a1ST ED. | ||
| 260 |
_aEstados Unidos _bRESTON PUBLISHING _c1984 |
||
| 260 | _aVIRGINIA CITY | ||
| 300 | _a395 | ||
| 942 | _c01 | ||
| 010 | _a15105 | ||
| 999 |
_c204590 _d204590 |
||